El amanecer de un marido / (Registro nro. 30485)
[ vista simple ]
| 000 -LÍDER | |
|---|---|
| campo de control de longitud fija | 01809nam a22002897a 4500 |
| 003 - IDENTIFICADOR DE NÚMERO DE CONTROL | |
| campo de control | OSt |
| 005 - FECHA Y HORA DE LA ÚLTIMA | |
| campo de control | 20250718124718.0 |
| 008 - ELEMENTOS DE DATOS DE LONGITUD FIJA - INFORMACIÓN GENERAL | |
| campo de control de longitud fija | 231220b |||||||| |||| 00| 0 eng d |
| 020 ## - NÚMERO INTERNACIONAL NORMALIZADO DEL LIBRO | |
| Número de libro estándar internacional | 9789584219831 |
| 037 ## - FUENTE DE ADQUISICIÓN | |
| Materials specified | Donación |
| 040 ## - FUENTE DE CATALOGACIÓN | |
| Agencia de catalogación original | CO-JMCR |
| Agencia de transcripción | CO-JMCR |
| Agencia modificadora | CO-JMCR |
| Convenciones de descripción | rda |
| 041 ## - CÓDIGO DE IDIOMA | |
| Código de idioma del texto/pista de sonido o título independiente | spa |
| 082 ## - NÚMERO DE CLASIFICACIÓN DECIMAL DEWEY | |
| Número de clasificación | A-C |
| Número de artículo | ABAa |
| 100 ## - ENTRADA PRINCIPAL - NOMBRE PERSONAL | |
| Nombre personal | Abad Faciolince, Héctor Joaquín |
| Término relativo | autor |
| 9 (RLIN) | 43118 |
| 245 ## - DECLARACIÓN DEL TÍTULO | |
| Título | El amanecer de un marido / |
| Declaración de responsabilidad, etc. | Héctor Abad Faciolince |
| 260 ## - PUBLICACIÓN, DISTRIBUCIÓN, ETC. | |
| Lugar de publicación, distribución, etc. | Bogotá : |
| Nombre del editor, distribuidor, etc. | Planeta, |
| Fecha de publicación, distribución, etc. | 2008 |
| 300 ## - DESCRIPCIÓN FÍSICA | |
| Medida | 225 páginas; |
| Dimensiones | 23 cm. |
| 490 ## - DECLARACIÓN DE LA SERIE | |
| Declaración de serie | Seix barral |
| 500 ## - NOTA GENERAL | |
| Nota general | Incluye datos biográficos del autor |
| 505 ## - NOTA DE CONTENIDO FORMATEADO | |
| Title | Álbum |
| -- | La fiebre en Tolú |
| -- | En medio del camino de la vida |
| -- | El amanecer de un marido |
| -- | Memorial de agravios |
| -- | Alguien oculta algo |
| -- | Mantis religiosa |
| -- | Balada del viejo pendejo |
| -- | Juventud, divino tesoro |
| -- | El verbo divino |
| -- | La guaca |
| -- | La señorita Antioquia |
| -- | Novena |
| -- | El sosia |
| -- | Volver |
| -- | Mientras tanto |
| 520 ## - RESUMEN, ETC. | |
| Resumen, etc | "El amor y el deseo de los primeros años de matrimonio terminan por extinguirse y en su lugar van apareciendo los silencios, las mentiras, un cariño soso que sabe a poco y la infidelidad. Con sus secretos a cuestas y sus verdades afiladas como cuchillos, los personajes de este libro se parecen más a la realidad que a la ficción. Y por eso sus historias hieren. El amanecer de un marido es una recreación honesta, y no por ello menos dolorosa, del tedio que se instala entre dos personas después de años de convivencia. En estas páginas, las relaciones maritales son retratadas en su ocaso desde una mirada sensible y con la violencia en Colombia como telón de fondo." |
| 521 ## - NOTA PARA EL PÚBLICO OBJETIVO | |
| Nota de público objetivo | Adultos |
| 650 ## - ENTRADA AÑADIDA DE ASUNTO - TÉRMINO TEMÁTICO | |
| Fuente del encabezado o término | JMCR |
| -- | Cuentos colombianos |
| 650 ## - ENTRADA AÑADIDA DE ASUNTO - TÉRMINO TEMÁTICO | |
| Fuente del encabezado o término | JMCR |
| -- | Literatura colombiana |
| 650 ## - ENTRADA AÑADIDA DE ASUNTO - TÉRMINO TEMÁTICO | |
| Fuente del encabezado o término | JMCR |
| -- | Relaciones de pareja |
| Subdivisión de formulario | Novela |
| 9 (RLIN) | 43119 |
| 942 ## - ELEMENTOS DE ENTRADA AÑADIDOS (KOHA) | |
| Source of classification or shelving scheme | Dewey Decimal Classification |
| Tipo de artículo Koha | Books |
| 999 ## - | |
| -- | 30485 |
| -- | 16869 |
| Estado retirado |
|---|